Práctica procesal penal (Record no. 11613)

MARC details
000 -LEADER
campo de control de longitud fija 01470nam a2200265 i 4500
001 - NÚMERO DE CONTROL
campo de control 11613
003 - IDENTIFICADOR DE NÚMERO DE CONTROL
campo de control ES-MaACL
005 - FECHA Y HORA DE LA ÚLTIMA TRANSACCIÓN
campo de control 20230906150134.0
007 - CAMPO FIJO DE DESCRIPCIÓN FÍSICA--INFORMACIÓN GENERAL
campo de control de longitud fija t|
008 - DATOS DE LONGITUD FIJA--INFORMACIÓN GENERAL
campo de control de longitud fija 950718s1994 sp ||||0| spa d
016 7# - NÚMERO DE CONTROL DE UNA AGENCIA BIBLIOGRÁFICA NACIONAL
Número de control cancelado/no válido SIC92021913
020 ## - NÚMERO INTERNACIONAL ESTÁNDAR DEL LIBRO
Número Internacional Estándar del Libro 84-7676-281-X
040 ## - FUENTE DE CATALOGACIÓN
Centro catalogador/agencia de origen SIC
Lengua de catalogación spa
Centro/agencia transcriptor SIC
080 ## - NÚMERO DE LA CLASIFICACIÓN DECIMAL UNIVERSAL
Número de la Clasificación Decimal Universal 343.1(460)
100 1# - ENTRADA PRINCIPAL--NOMBRE DE PERSONA
Nombre de persona Majada, Arturo.
9 (RLIN) 75639
245 10 - MENCIÓN DEL TÍTULO
Título Práctica procesal penal
Resto del título : adaptada a la Ley Orgánica del Poder Judicial, a la de Enjuiciamiento Criminal y demás disposiciones penales y procesales complementarias : procedimiento abreviado /
Mención de responsabilidad, etc. Arturo Majada.
250 ## - MENCION DE EDICION
Mención de edición 5ª ed., reimp.
Resto de la mención de edición con legislación actualizada por Luis Ribó Durán, Alejandro Ribó Bonet.
260 ## - PUBLICACIÓN, DISTRIBUCIÓN, ETC.
Lugar de publicación, distribución, etc. Barcelona :
Nombre del editor, distribuidor, etc. Bosch,
Fecha de publicación, distribución, etc. D.L. 1994.
300 ## - DESCRIPCIÓN FÍSICA
Extensión 4 v. ;
Dimensiones 24 cm.
505 8# - NOTA DE CONTENIDO CON FORMATO
Nota de contenido con formato v. 1. Disposiciones generales (arts. 779 al 785 de la Ley de enjuiciamiento criminal) -- v. 2. Disposiciones generales (arts. 785 al 789 de la Ley de enjuiciamiento criminal -- v. 3. Preparación del juicio oral (arts. 790 y 791 de la Ley de enjuiciamiento criminal). Juicio oral (arts. 792 al 793 de la Ley de enjuiciamiento criminal) -- v. 4. Juicio oral (arts. 793 al 797 de la Ley de enjuiciamiento criminal). Ejecución de sentencias (arts. 798 y 799 de la Ley de enjuiciamiento criminal)
650 14 - PUNTO DE ACCESO ADICIONAL DE MATERIA--TÉRMINO DE MATERIA
Término de materia o nombre geográfico como elemento de entrada Procedimiento penal-
Subdivisión geográfica España.
9 (RLIN) 16429
700 1# - ENTRADA AGREGADA--NOMBRE PERSONAL
Nombre de persona Ribó Durán, Luis.
9 (RLIN) 96830
700 1# - ENTRADA AGREGADA--NOMBRE PERSONAL
Nombre de persona Ribó Bonet, Alejandro.
9 (RLIN) 96829
852 ## - LOCALIZACIÓN
Ubicación ES-MaACL
Número de control de estantería L-18977-80
Sublocalización o colección R.125119
Holdings
Estatus retirado Estado de pérdida Estado de daño No para préstamo Biblioteca de origen Biblioteca actual Ubicación en estantería Fecha de adquisición Fuente de adquisición Total de préstamos Signatura topográfica completa Código de barras Visto por última vez Precio de reemplazo Tipo de ítem Koha
        Biblioteca del Ateneo de Madrid Biblioteca del Ateneo de Madrid Depósito 2 17/01/2008     L-18977-80 1011837 23/02/2023 23/02/2023 Libro impreso